Formación de la personalidad democrática en el seno de la familia como base para una democratización de la sociedad

El presente trabajo parte del supuesto de que todo proyecto educativo que se plantea como una alternativa democrática para la educación chilena debe ser considerar las raíces mismas de la formación del ser democrático. Nuestro país ha tenido que sufrir demasiado tiempo un sistema dictatorial que, b...

Full description

Bibliographic Details
Main Author: Magendzo Kolestrein, Abraham
Format: Libro
Language:Spanish
Published: Santiago, Chile: PIIE, 1984.
Series:Educación y democracia 4
Subjects:
Online Access:Disponible en línea (PDF). Biblioteca Digital UAHC

MARC

LEADER 00000cam a2200000 a 4500
001 037101
003 UAHC_CL
005 20260123064517.0
008 010822s1984 cl 000 1 spa
040 |a UAHC_CL  |c UAHC_CL  |d UAHC_CL 
082 0 4 |a PIIE 012-657 
100 |a Magendzo Kolestrein, Abraham  |9 14499 
245 1 0 |a Formación de la personalidad democrática en el seno de la familia como base para una democratización de la sociedad  |c Abraham Magendzo K. 
260 |a Santiago, Chile:  |b PIIE,  |c 1984. 
300 |a 17 p. 
490 0 |a Educación y democracia  |v 4 
520 |a El presente trabajo parte del supuesto de que todo proyecto educativo que se plantea como una alternativa democrática para la educación chilena debe ser considerar las raíces mismas de la formación del ser democrático. Nuestro país ha tenido que sufrir demasiado tiempo un sistema dictatorial que, basado en la represión y el miedo, ha podido sustentarse por más de 10 años. 
650 0 |a Educación  |9 4043  |x Aspectos políticos  |z Chile 
650 0 |a Educación   |9 2300  |x Aspectos sociales  |z Chile 
650 0 |a Familia  |9 6931  |x Aspectos sociales   |z Chile  
856 |u http://bibliotecadigital.academia.cl/xmlui/handle/123456789/5053  |y Disponible en línea (PDF). Biblioteca Digital UAHC 
900 |a PIIE 012-657 
942 |c BK  |2 ddc 
952 |0 0  |1 0  |4 0  |6 PIIE_012657  |7 0  |8 COMP  |9 70997  |a BC  |b BC  |c General  |d 2017-08-03  |l 0  |o PIIE 012-657  |p 1314669  |r 2019-12-02 00:00:00  |t c.1  |w 2017-08-03  |y BK 
999 |c 37101  |d 37101